Nomi dei calciatori - Quiz n°14 - Statistics

Statistiche generali
  • Questo quiz è stato fatto 92 volte
  • Il punteggio medio è 8 su 10
Statistiche sulle risposte
Hint Risposta % Corretto
Pessina Matteo
98%
Destro Mattia
95%
Cole Ashley
94%
De Ceglie Paolo
90%
Guerreiro Raphaël
83%
Ikoné Jonathan
80%
Shaw Luke
78%
Alderweireld Toby
74%
Lallana Adam
73%
Seferović Haris
51%
Nessun quiz corrispondente trovato
Distribuzione punteggi
Percentuale di utenti per punteggio
Percentile per numero di risposta
I tuoi punteggi nel tempo
Non hai fatto questo quiz